01511nam a2200349 a 4500001001000000003000500010005001700015008004100032010001100073011001100084040000900095090001000104100003200114245017100146260004100317500006000358502008900418590004100507590004000548590004000588590004000628650003200668650004400700650002900744856007000773901000700843942001000850942000600860999001900866952013600885952014001021000109835CHAP20220329144105.0140602s2014 mx a sm |||||||spa d a106297 a107269 cCHAP aTesis1 aOvando Serra, Dayli912716710aCrecimiento de café (coffea arabica L.) Var oro azteca con fertirrigación orgánica en ollas de barro en Cuetzalan, Pueblah[En línea]cpor Dayli Ovando Serra. aChapingo, Méx. :bEl autor,c2014. aPara ver el contenido del material haga clic en la liga aTesis (Ing. Agr. Esp. en Zonas Tropicales) -- UACH. Dirección de Centros Reginales aBATCH-UPDb05c20141002lUCH01h0904 aE5652GLJb05c20140602lUCH01h1001 aE5652GLJb05c20140602lUCH01h1134 aE5652GLJb05c20140602lUCH01h113514aCaféxRendimiento.91719614aFertilizantesxEfecto en café.94048414aFertirrigación.940652 aFinding aiduhttp://10.13.5.2/tesis/sist109835.pdfzTeclea aquí aBK cTESIS n0 c106297d106297 00104054718TESISaBCbBCd2014-06-02fTESISl0oTesisp33724002408074r2019-12-31 00:00:00w2019-12-31yTESISzRecien adquirido 00102local4053708TESISaBCbBCcPA_TESISd2014-06-02fTESISl0oTesisp33724002408116r2019-12-31 00:00:00tc.2w2019-12-31yTESIS